| 000 | 00579nam a22001937a 4500 | ||
|---|---|---|---|
| 005 | 20241114141019.0 | ||
| 008 | 241114b |||||||| |||| 00| 0 eng d | ||
| 020 | _a0618388176 | ||
| 050 | _aQA152 LAR | ||
| 100 | _aLarson, Ron | ||
| 245 |
_aElementary Algebra/ _cRon Larson, Robert P. Hostetler; assisted by Patrick M. Kelly |
||
| 250 | _a4th Ed. | ||
| 260 |
_aBoston _bHoughton Mifflin Company _c2005 |
||
| 300 |
_axxiii.610,83p. _bill. some color _c26cm |
||
| 650 | _2Algebra | ||
| 700 | _aHostetler, Robert P. | ||
| 700 | _aKelly, Patrick M. | ||
| 942 |
_2lcc _cBK _e4th Ed. _n0 |
||
| 999 |
_c1202 _d1202 |
||